คึกฤทธิ์ 2528 (ระเบียนเลขที่ 695)
| 000 -LEADER | |
|---|---|
| fixed length control field | 00582nam a22001817a 4500 |
| 005 - DATE AND TIME OF LATEST TRANSACTION | |
| control field | 20210325173156.0 |
| 008 - FIXED-LENGTH DATA ELEMENTS--GENERAL INFORMATION | |
| fixed length control field | s2528 th tha d |
| 041 ## - LANGUAGE CODE | |
| Language code of text/sound track or separate title | tha |
| 050 ## - LIBRARY OF CONGRESS CALL NUMBER | |
| Classification number | DS570.6 |
| Item number | ค6ส4 |
| 100 0# - MAIN ENTRY--PERSONAL NAME | |
| Personal name | สละ ลิขิตกุล |
| 245 10 - TITLE STATEMENT | |
| Title | คึกฤทธิ์ 2528 |
| 260 3# - PUBLICATION, DISTRIBUTION, ETC. | |
| Place of publication, distribution, etc. | กรุงเทพฯ : |
| Name of publisher, distributor, etc. | สยามรัฐ, |
| Date of publication, distribution, etc. | 2528 |
| 300 ## - PHYSICAL DESCRIPTION | |
| Extent | 180 หน้า : |
| Other physical details | ภาพประกอบ |
| 650 04 - SUBJECT ADDED ENTRY--TOPICAL TERM | |
| Topical term or geographic name entry element | คึกฤทธิ์ ปราโมช, ม.ร.ว., 2454--2538 |
| 850 ## - HOLDING INSTITUTION | |
| Holding institution | NALT |
| 942 ## - ADDED ENTRY ELEMENTS (KOHA) | |
| Koha item type | General Book |
| 997 ## - | |
| -- | 000000000000695 |
| Withdrawn status | Lost status | Damaged status | Not for loan | Collection code | Home library | Current library | Total Checkouts | Full call number | Barcode | Date last seen | Price effective from | Koha item type |
|---|---|---|---|---|---|---|---|---|---|---|---|---|
| General Book collection | National Assembly Library of Thailand | National Assembly Library of Thailand | DS 570.6 ค6ส4 | 3961102020 | 09/06/2017 | 09/06/2017 | General Book |
